Normal view
MARC view
Entry Personal Name
001 - CONTROL NUMBER
- control field: 2161
003 - CONTROL NUMBER IDENTIFIER
- control field: dpl
005 - DATE AND TIME OF LATEST TRANSACTION
- control field: 20100728150826.0
008 - FIXED-LENGTH DATA ELEMENTS
- fixed length control field: 100728|||a|||||| | ||| d
040 ## - CATALOGING SOURCE
- Original cataloging agency: dpl
- Transcribing agency: dpl
100 ## - HEADING--PERSONAL NAME
- Personal name: राम बिलास
670 ## - SOURCE DATA FOUND
- Source citation: Work cat.: (dpl): राम बिलास , कहानी जन-जन की /, 2010
670 ## - SOURCE DATA FOUND
- Source citation: Work cat.: (dpl): राम बिलास , कहानी जन-जन की /, 2010
